| 000 | 00783nam0a22002411 4500 | ||
|---|---|---|---|
| 001 | rc\581919 | ||
| 005 | 20250621172854.0 | ||
| 010 |
_a5-8250-0054-2 _9600000 |
||
| 035 | _a(NLR Aleph) 005829437 | ||
| 090 |
_a5564326 _c5564326 |
||
| 100 | _a20031121d1988 |||y0rusy50 ca | ||
| 101 | 0 | _arus | |
| 102 | _aRU | ||
| 105 | _aa ||||||||| | ||
| 200 | 1 |
_aФантазеры _eРассказы и повести _e[Для мл. шк. возраста] _fН. Носов _g[Худож. Л.И. Даватц] |
|
| 210 |
_aТашкент _cЮлдузча _d1988 |
||
| 215 |
_a299, [3] с. _cил. _d22 |
||
| 700 | 1 |
_aНосов _bН.Н. _f1908-1976 _gНиколай Николаевич |
|
| 801 | 0 |
_aRU _bNLR _gpsbo |
|
| 801 | 1 |
_aRU _bELAR _2rusmarc |
|
| 852 |
_aNLR _j88-3/6769 |
||
| 942 | _cBOOK | ||
| 980 | _aNB | ||